00499cam a22001811i 4500001001300000003000400013005001700017008004100034010001700075035001900092040001800111042001200129050001900141100001600160245006800176260003500244300003800279sa 64003798 DLC20260227112020.0830411s1963 io 000 1 ind  asa 64003798  a(OCoLC)9397179 aDLCcOAUdDLC apremarc00aPL5089.A53bP41 aAn, Todjin.10aPedang kilat dari gunung Thian San ;b(Thian San lui tian kiam) aDjakarta :bMarga Raya,c1963. a6 pts. in 1 v. (384 p.) ;c16 cm.